Responses for Show #8963 - Wednesday, November 1, 2023

2023 Champions Wildcard Diamonds quarterfinal game 9.

Contestants

[<< previous game]

Dave Rapp, a writer from Valley Village, California

Nancy Donehower, a retired college admission counselor from Portland, Oregon

Dana Hill, a stay-at-home mom from Thousand Oaks, California

[next game >>]

Jeopardy! Round responses

MEN & WOMEN OF SCIENCE
NAME THAT TUNESTER
GROOVY
BYE, GEORGE!
YEAH, WE WENT THERE
6-SYLLABLE WORDS
    $200 27
Margaret Mead

Nancy
    $200 23
Miley Cyrus

Dave
    $200 9
tongue

Dana
    $200 8
(Dave: Go Irish!)

the Gipper (George Gipp)

Dave
    $200 30
Ireland

Dave
    $200 14
a veterinarian

Dana
    $400 26
Louis Pasteur

Nancy
    $400 1
Bryan Adams

Dana
    $400 29
Ohio

Dave
    $400 28
Orwell

Dave
    $400 20
the Andes

Dana
    $400 15
inferiority

Dana
    $600 6
the Royal Society

Triple Stumper
    $600 2
Adele

Dave
    $600 17
the brain

Dave
    $600 10
George VI

Nancy
    $600 13
Italy

Dana
    $3,000 22
(Ken: Correct, he went around the world.)

a circumnavigator

Dana
    $800 5
(Dave: Who is Edison?)
...
(Ken: Famed horticulturist, [*].)

Luther Burbank

Dave
Triple Stumper
    $800 18
the Red Hot Chili Peppers

Dana
    $800 7
"Feelin' Groovy"

Nancy
    $800 11
Handel

Dave
    $800 12
the Bay of Bengal

Dave
    $800 19
(Dave: Lost it.)

overstimulation

NancyDave
    $1000 25
Hans Krebs

Triple Stumper
    $1000 16
Pharrell (Daft Punk)

Dave
    $1000 4
Taft

Dave
    $1000 24
(Dana: Who is Lewis Carroll?)

George Sand

Dana
Triple Stumper
    $1000 3
Ulaanbaatar

Dave
    $1000 21
an Episcopalian

Triple Stumper

Scores at the first commercial break (after clue 15):

Dana Nancy Dave
$1,800 $1,400 $3,600

Scores at the end of the Jeopardy! Round:

Dana Nancy Dave
$5,000 $2,800 $5,600

Double Jeopardy! Round responses

A FISH CALLED...
RWANDA
MOVIE COMEDIES
GREEK GOD OUT, ROMAN GOD IN
I'M ON THE CASE
GO "OME"
    $400 23
the walking catfish

Triple Stumper
    $400 22
French

Nancy
    $400 14
Jamie Lee Curtis

Nancy
    $400 4
Venus

Dana
    $400 30
(John) Marshall

Dana
    $400 29
a dome

Dave
    $800 16
harlequin

Dana
    $800 15
Dian Fossey

Nancy
    $800 1
Ryan Reynolds

Dana
    $800 6
Mars

Dave
    $9,000 28
Miranda

Dave
    $800 13
gnome

Dana
    $1200 17
(Nancy: What is bass?)

rainbow trout

NancyDave
    $1200 21
(Nancy: What's The Congo?)

Burundi

Nancy
Triple Stumper
    $1200 2
The Hangover

Dana
    $1200 9
Pluto

Dave
    $1200 27
Sacco & Vanzetti

Dave
    $1200 12
tome

Dana
    $1600 18
(Dana: What is a swordfish?)

a marlin

DanaNancy
    $1600 20
Kigali

Nancy
    $1600 3
Airplane!

Nancy
    $1600 8
Hephaestus

Dana
    $1600 26
Scopes

Nancy
    $1600 11
chrome

Dana
    $2000 24
(Dana: What is a catfish?)

sole

DanaDave
    $2000 19
John Speke

Triple Stumper
    $2000 5
Shaun of the Dead

Dana
    $5,000 7
(Dave: Who is... Diana?)
...
(Ken: Diana was Artemis, I'm afraid.)

Minerva

Dave
    $2000 25
Plessy

Dave
    $2000 10
chromosome

Dana

Scores at the end of the Double Jeopardy! Round:

Dana Nancy Dave
$14,200 $8,400 $18,400

[wagering suggestions for these scores]

Final Jeopardy! Round responses

21st CENTURY PRESIDENTIAL ELECTIONS
(Ken: [Nancy] The incumbent, President Bush ran for reelection; that doesn't count.)
...
(Dana: I was writing the name so I was...)
(Ken: We would have accepted the names, but not when they're partly there.)
...
(Ken: [To Dave] That is correct.)
[Audible exclamation of excitement from one audience member]
(Ken: [**].)
NancyWhat is 2004?
$2,000
DanaWho is For
$14,200
DaveWhat is 2008?
$10,001
2008 (Barack Obama & John McCain)

Final scores:

Dana Nancy Dave
$0 $6,400 $28,401
3rd place: $5,000 2nd place: $5,000 Winner: semifinalist

Game dynamics:

Coryat scores:

Dana Nancy Dave
$11,800 $8,400 $15,200
19 R
(including 1 DD),
3 W
12 R,
2 W
20 R
(including 1 DD),
3 W
(including 1 DD)

Combined Coryat: $35,400

[game clues] [game scores] [suggest correction]

Game tape date: 2023-09-13
The J! Archive is created by fans, for fans. Scraping, republication, monetization, and malicious use prohibited; this site may use cookies and collect identifying information. See terms. The Jeopardy! game show and all elements thereof, including but not limited to copyright and trademark thereto, are the property of Jeopardy Productions, Inc. and are protected under law. This website is not affiliated with, sponsored by, or operated by Jeopardy Productions, Inc. Join the discussion at JBoard.tv.